Представление документа в формате MARC21

Поле Инд. ПП Название Значение
Тип записи a
Библиографический уровень b
001 Контрольный номер RU/IS/BASE/142440470
005 Дата корректировки 20200522190656.0
084 a Индекс другой классификации/Индекс ББК 60.51(2)5
a Индекс другой классификации/Индекс ББК 60.001(2Рос)61
a Индекс другой классификации/Индекс ББК 87.703
097 00 a 750
100 10 a Автор Кудрявцев В. А.
245 10 a Заглавие Нравственно-метафизическая константа в русской немарксистской социологии
b Продолж. заглавия (на примере учений П. Новгородцева и Е. Де Роберти)
504 00 a Библиография Библиогр. ссылки
600 14 a Персоналии Новгородцев Павел Иванович
a Персоналии Роберти Евгений Валентинович
650 04 a Основная рубрика история социологии
a Основная рубрика история философии
a Основная рубрика социальная философия
a Основная рубрика социальная этика
a Основная рубрика социология
a Основная рубрика философские науки
a Основная рубрика этика
653 00 a Ключевые слова XIX век
a Ключевые слова идеализм
a Ключевые слова мораль
a Ключевые слова позитивистиский психологизм
a Ключевые слова Россия
a Ключевые слова социологический позитивизм
773 00 t Заглавие источника Вестник Московского университета. Серия 18, Социология и политология
d Дата издания источника 2000
g Прочая информация № 4. - С. 136 - 145
w Контрольный № источника RU/IS/BASE/148579478
901 t Тип документа b